The early work of Aubrey Beardsley

Kaydedildi:
Detaylı Bibliyografya
Yazar: Beardsley, Aubrey (Yazar)
Materyal Türü: Kitap
Dil:İngilizce
Baskı/Yayın Bilgisi: Nueva York Dover 1967
Konular:
Etiketler: Etiketle
Etiket eklenmemiş, İlk siz ekleyin!

MARC

LEADER 00000nam a2200000 a 4500
001 UCR7466
003 CL-VaPUC
008 980515e19670000US |||||||||||||||||eng|d
082 0 4 |a 741.092  |b BEA  |2 21 
100 0 |a Beardsley, Aubrey  |e author  |9 265480 
245 1 4 |a The early work of Aubrey Beardsley 
300 |a 172 p 
942 |c BK 
945 |d 19980515 00:00:00  |a mvenant 
260 |a Nueva York  |b Dover  |c 1967 
650 7 |a PINTURA INGLESA  |2 CL-VaPUC  |9 333455 
650 7 |a PINTORES INGLESES  |2 CL-VaPUC  |9 342329 
650 0 |a Artistas ingleses   |9 408752 
651 0 |a Inglaterra  |9 255158 
583 |a last modification  |c 19980515 00:00:00  |k Rodrigo Vera 
999 |c 269078  |d 269076